20 nombres de titres de films - Statistiques

Statistiques générales
  • Ce quiz a été pris 6 982 fois
  • Le résultat moyen est 15 sur 20
Statistiques - réponses
Titre du film Nombre % Correct
_ frères 2
99%
Les _ mousquetaires 3
99%
Les _ fantastiques 4
99%
Les _ légendes 5
99%
Les __ travaux d'astérix 12
98%
Les ___ dalmatiens 101
96%
Les __ commandements 11
95%
__ Nuances de grey 50
95%
Vendredi __ 13
94%
Ali Baba et les __ voleurs 40
90%
OSS ___ 117
84%
____ pattes 1001
76%
__ secondes chrono 60
71%
_____ lieues sous les mers 20000
69%
_______ dollar baby 1000000
66%
____ L'Odyssée de l'espace 2001
52%
Star __ 80
44%
__ jours plus tard 28
40%
Les ___ coups 400
33%
___ heures 127
22%
Aucun quiz correspondant
Distribution des résultats
% des personnes avec chaque résultat
Percentile par nombre de réponses
Votre historique - résultats
Vous n’avez pas pris ce quiz